THE REVIEW OF RELIGIONS (Record no. 37243)

MARC details
000 -LEADER
fixed length control field 00521nam a2200157Ia 4500
022 ## - INTERNATIONAL STANDARD SERIAL NUMBER
ISSN 0034-6721
050 ## - CALL MARK
Classification number BP1 .R48/
245 ## - TITLE STATEMENT
Title THE REVIEW OF RELIGIONS
Sub Title Navigating Towards Peace in an Era od Disinformation
250 ## - EDITION / VOLUME STATEMENT
Edition / Volume statement Vol. 119, No. 1
260 ## - PUBLICATION, DISTRIBUTION, ETC. (IMPRINT)
Place of publication Al Shirkatul Islamiyyah Ltd.,
Name of publisher London, United Kingdom
Year of publication 2024
300 ## - PHYSICAL DESCRIPTION
Number of Pages v, 110 p. :ill. ; 30 cm.
490 ## - SERIES STATEMENT
Series statement Vol. 119, No. 1
650 ## - SUBJECT ADDED ENTRY--TOPICAL TERM
Topical Term Islam--Periodicals Ahmadiyya--Periodicals Religions--Periodicals
942 ## - ADDED ENTRY ELEMENTS (KOHA)
Koha item type Serials
Source of classification Library of Congress Classification

No items available.